Gladiator (Record no. 22661)

MARC details
000 -LEADER
fixed length control field 01999nam a22003737a 4500
003 - CONTROL NUMBER IDENTIFIER
control field dpl
005 - DATE AND TIME OF LATEST TRANSACTION
control field 20090130135835.0
007 - PHYSICAL DESCRIPTION FIXED FIELD--GENERAL INFORMATION
fixed length control field DVD
008 - FIXED-LENGTH DATA ELEMENTS--GENERAL INFORMATION
fixed length control field 050907s2005 cau105 g 00| 0 eng d
010 ## - LIBRARY OF CONGRESS CONTROL NUMBER
LC control number DVD-001587-1589
024 ## - OTHER STANDARD IDENTIFIER
Standard number or code 4.02.4.02.077.08
Terms of availability 499.00
035 ## - SYSTEM CONTROL NUMBER
System control number DVD-001587-1589
040 ## - CATALOGING SOURCE
Original cataloging agency DPL
Transcribing agency DPL
092 ## - LOCALLY ASSIGNED DEWEY CALL NUMBER (OCLC)
Classification number DVD / GLAD
245 ## - TITLE STATEMENT
Title Gladiator
Medium [videorecording] DVD /
Statement of responsibility, etc Universal Pictures and Dreamworks Pictures Presents
260 ## - PUBLICATION, DISTRIBUTION, ETC. (IMPRINT)
Name of publisher, distributor, etc Big Home Video
300 ## - PHYSICAL DESCRIPTION
Extent 2 videocassette DVD; (148 min.) ;
Other physical details sd., col. ;
Dimensions 4-3/4 in.
Type of unit DVD
440 ## - SERIES STATEMENT/ADDED ENTRY--TITLE
Title Big Home Video
508 ## - CREATION/PRODUCTION CREDITS NOTE
Creation/production credits note Director of photography, Oliver Wood ; art directors, Shepherd Frankel, Don Macaulay ; editor, William Hoy ; music, Miri Ben-Ari, John Ottman ; costume designer, Jose Fernandez, Wendy Partridge ; production designer, Bill Boes ; visual effects supervisors
538 ## - SYSTEM DETAILS NOTE
System details note Dolby digital 5.1, English, Russian Subtitles in English Russian, Hindi
538 ## - SYSTEM DETAILS NOTE
System details note Aspect Ratio 1:78.1,Presentation Type: Wide Screen, Presentation Size: 16x9, Format: DVD 9 Dual Layer Single Sided Disc. Layer Transition may trigger a slight pause.
650 ## - SUBJECT ADDED ENTRY--TOPICAL TERM
Topical term or geographic name as entry element Motion Picture
700 ## - ADDED ENTRY--PERSONAL NAME
Personal name Scott, Ridley
700 ## - ADDED ENTRY--PERSONAL NAME
Personal name Crowe, Russell
700 ## - ADDED ENTRY--PERSONAL NAME
Personal name Reed, Oliver
700 ## - ADDED ENTRY--PERSONAL NAME
Personal name Phoenix, Joaquin
700 ## - ADDED ENTRY--PERSONAL NAME
Personal name Harris, Richard
700 ## - ADDED ENTRY--PERSONAL NAME
Personal name Matheson, John
942 ## - ADDED ENTRY ELEMENTS (KOHA)
Koha item type CD-ROMs, DVDs, VHS
Source of classification or shelving scheme Dewey Decimal Classification
Classification part DVD
Call number suffix GLAD
Holdings
Withdrawn status Lost status Source of classification or shelving scheme Damaged status Not for loan Home library Current library Date acquired Source of acquisition Cost, normal purchase price Total Checkouts Total Renewals Full call number Barcode Date last seen Date checked out Copy number Cost, replacement price Price effective from Koha item type Checked out
    Dewey Decimal Classification     Central Library Central Library 30/01/2009 Purchase 499.00 56 3 DVD GLAD DVD-001587 20/08/2018 13/08/2018 1 499.00 30/01/2009 CD-ROMs, DVDs, VHS  
    Dewey Decimal Classification     Patel Nagar Patel Nagar 30/01/2009 Purchase 499.00 33 2 DVD GLAD DVD-001589 27/09/2014 30/08/2014 1 499.00 30/01/2009 CD-ROMs, DVDs, VHS  
    Dewey Decimal Classification     Sarojini Nagar Sarojini Nagar 30/01/2009 Purchase 499.00 8 1 DVD GLAD DVD-001588 23/08/2010 23/08/2010 1 499.00 30/01/2009 CD-ROMs, DVDs, VHS 06/09/2010

© Delhi Public Library
Hit Counter
free hit counter